| 000 | 00707cam a2200217 4500 | ||
|---|---|---|---|
| 001 | WB3605-01 | ||
| 008 | 000000n2000 000 0 eng u | ||
| 035 | _a(Sirsi) u103979 | ||
| 245 | _aCountrywide goes Eurowide | ||
| 260 | _c2000 | ||
| 490 |
_aProperty Week _v 65(4) 28 January 2000, 19(1) |
||
| 520 | _aCountrywide Property Auctions are to offer European properties at its London sales. It will begin in April, when it will offer 12 French lots. | ||
| 590 | _aWB | ||
| 650 | _aCOUNTRYWIDE PROPERTY AUCTIONS | ||
| 650 | _aEUROPEAN PROPERTY | ||
| 650 | _aOVERSEAS PROPERTY | ||
| 650 | _aINTERNATIONAL PROPERTY | ||
| 650 |
_aAuctioneering _96218 |
||
| 690 |
_aAuctioneering _96218 |
||
| 942 | _n0 | ||
| 999 |
_c62403 _d62403 |
||